000 00845nam a2200229 a 4500
001 000029521
005 20200930055617.0
008 110418s2000 dr ac 001 0 spa d
040 _aDO-SdBNP
_bspa
_cBNPHU
082 _a344.09
_bR426L
110 1 _aRepública Dominicana.
_9447
240 1 3 _a[Leyes, etc.]
245 1 0 _aLey General de Cultura 41-00 :
_bla Secretaría de Estado de Cultura y sus instituciones.
260 _aSanto Domingo, :
_bSecretaría de Estado de Cultura,
_c2000.
300 _aviii, 69 p. :
_bil., retrs. ;
_c31 cm.
590 _aInventariado,2018/DG
650 4 _aCultura
_xLegislación
_933150
650 4 _aOrganizaciones culturales
_xLegislación
_956374
650 4 _aInstalaciones culturales
_xLegislación
_956375
651 4 _aRepública Dominicana
_xLey 41-00
_956376
910 _aValidado. Control de calidad EMS
999 _c29013
_d29013